000 00258nam a2200109Ia 4500
005 20251222114352.0
008 251222s1900||||xx |||||||||||||| ||spa||
082 _aDVD0124/P26/1996
245 0 _aEvita
264 _bStigwood, Robert. G. Andrew.
942 _cDVD
999 _c1294
_d1294